00623 2200169 4500245002700000020001800027250001100045100001400056650001700070005001900087260003200106041001400138084000800152300002300160500026100183336000900444 aHellocTere LiyehText a9786238829682 aCet. 1 aTere Liye aNovel Remaja a20240110145755 aDepokbSabak Grip Nusantara aIndonesia a813 a320 hlm. :c20 cm. aHelloApakah kamu di sana? Aku tahu kamu di sana. Aku tahu kamu mendengarkan suaraku. Hello Aku tahu kita belum bisa bicara. Tapi aku tidak bisa menahan diriku untuk meneleponmu. Aku hanya hendak bilang, aku tidak akan menyerah. Aku akan selalu menyayangimu atext